Nommés Ballon d'Or masculin 2025 - Statistiques

Statistiques générales
  • Ce quiz a été pris 128 fois
  • Le résultat moyen est 25 sur 30
Statistiques - réponses
Nombre de nominations totales Poste Club(s) Nationalité Joueur % Correct
2 G Paris Saint-Germain Italien Gianluigi Donnarumma
97%
1 ATT Paris Saint-Germain Français Ousmane Dembélé
97%
3 MIL Real Madrid Anglais Jude Bellingham
94%
8 ATT Real Madrid Français Kylian Mbappé
94%
1 DEF Paris Saint-Germain Marocain Achraf Hakimi
92%
1 ATT Paris Saint-Germain Français Désiré Doué
92%
2 ATT FC Barcelone Espagnol Lamine Yamal
90%
6 ATT Liverpool Égyptien Mohamed Salah
90%
5 ATT Manchester City Norvégien Erling Haaland
89%
1 DEF Paris Saint-Germain Portugais Nuno Mendes
89%
4 ATT Real Madrid Brésilien Vinicius Jr.
89%
2 MIL Paris Saint-Germain Portugais Vitinha
89%
2 MIL FC Barcelone Espagnol Pedri
88%
9 ATT FC Barcelone Polonais Robert Lewandowski
88%
7 ATT Bayern Munich Anglais Harry Kane
86%
4 ATT Inter Milan Argentin Lautaro Martinez
86%
3 DEF Liverpool Néerlandais Virgil van Dijk
86%
1 MIL Liverpool Argentin Alexis Mac Allister
84%
2 MIL Chelsea Anglais Cole Palmer
84%
1 MIL Paris Saint-Germain Espagnol Fabian Ruiz
84%
1 ATT Sporting CP / Arsenal Suédois Viktor Gyökeres
84%
1 MIL Paris Saint-Germain Portugais João Neves
83%
1 ATT Bayern Munich Français Michael Olise
83%
1 ATT Borussia Dortmund Guinéen Serhou Guirassy
83%
2 MIL Bayer Leverkusen / Liverpool Allemand Florian Wirtz
82%
2 MIL Arsenal Anglais Declan Rice
81%
1 ATT FC Barcelone Brésilien Raphinha
79%
1 MIL Naples Écossais Scott McTominay
74%
2 ATT Paris Saint-Germain Géorgien Khvicha Kvaratskhelia
71%
1 DEF Inter Milan Néerlandais Denzel Dumdries
1%
Aucun quiz correspondant
Distribution des résultats
% des personnes avec chaque résultat
Percentile par nombre de réponses
Votre historique - résultats
Vous n’avez pas pris ce quiz